| 000 | 00809nam a22002297a 4500 | ||
|---|---|---|---|
| 999 |
_c64605 _d64605 |
||
| 005 | 20240530110740.0 | ||
| 008 | 180923s2013 ua a f b 000 0 ara d | ||
| 017 | _bمصر. دار الكتب | ||
| 020 | _a9789774522275 | ||
| 040 |
_aEG-CaGPL _cEG-CaGPL |
||
| 082 | 0 | 4 |
_221 _a383.4962 _bق/ع ت |
| 100 | 0 | _aعبدالوهاب شاكر | |
| 245 | 1 | 0 |
_aتاريخ البريد فى مصر / _cعبدالوهاب شاكر |
| 250 | _aط.1 | ||
| 260 |
_aالقاهرة : _bمكتبة الاسكندرية، _c2013 . |
||
| 300 |
_a179 ص. : _bايض ؛ _c24 سم. |
||
| 490 | 0 |
_aسلسلة ذاكرة مصر المعاصرة ؛ _v13 |
|
| 650 | 0 | 7 |
_2qrmak _aطوابع البريد _zمصر |
| 650 | 0 | 7 |
_aطوابع البريد _2qrmak |
| 942 |
_2ddc _cBK |
||